Škola snů.

Uložené v:
Podrobná bibliografia
Hlavný autor: Chateaureynaud, G. (Author)
Médium: Kniha
Jazyk:Czech
Vydané: 1992
ISBN: 8020403140
Tagy: Pridať tag
Žiadne tagy, Buďte prvý kto otaguje tento záznam!

MARC

LEADER 00000nam a2200000 a 4500
001 000244708
005 00000000000000.0
008 040101s1992 e czeo
020 |a 8020403140 
041 0 |a cze 
100 1 |a Chateaureynaud, G.  |4 aut 
245 1 0 |a Škola snů. 
260 |c 1992 
500 |a Záznam neprešiel kontrolou 
910 |a svkkk 
919 |a 80-204-0314-0 
998 |a BK 
090 |g SCKHL  |k Sklad Pribinova 2. posch.  |a II.352137  |j 855950  |i 2721183931  |s Povinný výt.